<?xml version="1.0" encoding="UTF-8"?>
<record
    xmlns:xsi="http://www.w3.org/2001/XMLSchema-instance"
    xsi:schemaLocation="http://www.loc.gov/MARC21/slim http://www.loc.gov/standards/marcxml/schema/MARC21slim.xsd"
    xmlns="http://www.loc.gov/MARC21/slim">

  <leader>01004nam a22002537a 4500</leader>
  <controlfield tag="008">240610b        mp ||||| |||| 00| 0 mon d</controlfield>
  <datafield tag="020" ind1=" " ind2=" ">
    <subfield code="a">978-9919-517-42-7</subfield>
  </datafield>
  <datafield tag="035" ind1=" " ind2=" ">
    <subfield code="a">25380</subfield>
  </datafield>
  <datafield tag="040" ind1=" " ind2=" ">
    <subfield code="a">UVS1285160</subfield>
    <subfield code="b">mon</subfield>
    <subfield code="c">MN-UlNLM</subfield>
    <subfield code="d">MN-UlNLM</subfield>
    <subfield code="e">rda</subfield>
  </datafield>
  <datafield tag="041" ind1=" " ind2=" ">
    <subfield code="a">mon</subfield>
  </datafield>
  <datafield tag="042" ind1=" " ind2=" ">
    <subfield code="a">75120</subfield>
  </datafield>
  <datafield tag="084" ind1=" " ind2=" ">
    <subfield code="2">NNA</subfield>
    <subfield code="a">83.7-80</subfield>
    <subfield code="b">&#x422; 594</subfield>
  </datafield>
  <datafield tag="100" ind1=" " ind2=" ">
    <subfield code="a">&#x422;&#x4E9;&#x440;&#x43C;&#x4E9;&#x43D;&#x445; &#x411;.</subfield>
  </datafield>
  <datafield tag="245" ind1=" " ind2="0">
    <subfield code="a">&#x414;.&#x41D;&#x430;&#x446;&#x430;&#x433;&#x434;&#x43E;&#x440;&#x436;</subfield>
  </datafield>
  <datafield tag="264" ind1=" " ind2=" ">
    <subfield code="a">&#x423;&#x43B;&#x430;&#x430;&#x43D;&#x431;&#x430;&#x430;&#x442;&#x430;&#x440; &#x445;&#x43E;&#x442;</subfield>
    <subfield code="b">&#x410;&#x434;&#x43C;&#x43E;&#x43D; &#x41F;&#x440;&#x438;&#x43D;&#x442; &#x425;&#x425;&#x41A;</subfield>
    <subfield code="c">2022</subfield>
  </datafield>
  <datafield tag="300" ind1=" " ind2=" ">
    <subfield code="a">62&#x445;.</subfield>
  </datafield>
  <datafield tag="336" ind1=" " ind2=" ">
    <subfield code="2">rdacontent</subfield>
    <subfield code="a">text</subfield>
    <subfield code="b">txt</subfield>
  </datafield>
  <datafield tag="337" ind1=" " ind2=" ">
    <subfield code="2">rdamedia</subfield>
    <subfield code="a">unmediated</subfield>
    <subfield code="b">n</subfield>
  </datafield>
  <datafield tag="338" ind1=" " ind2=" ">
    <subfield code="2">rdacarrier</subfield>
    <subfield code="a">volume</subfield>
    <subfield code="b">nc</subfield>
  </datafield>
  <datafield tag="490" ind1=" " ind2=" ">
    <subfield code="a">&#x41C;&#x43E;&#x43D;&#x433;&#x43E;&#x43B; &#x445;&#x4AF;&#x43D;</subfield>
  </datafield>
  <datafield tag="650" ind1=" " ind2=" ">
    <subfield code="a">&#x425;&#x43E;&#x440;&#x44C;&#x434;&#x443;&#x433;&#x430;&#x430;&#x440; &#x437;&#x443;&#x443;&#x43D;&#x44B; &#x44D;&#x445;&#x44D;&#x44D;&#x440; &#x430;&#x43D;&#x445; &#x41E;&#x440;&#x43E;&#x441;, &#x413;&#x435;&#x440;&#x43C;&#x430;&#x43D;&#x434; &#x431;&#x43E;&#x43B;&#x43E;&#x432;&#x441;&#x440;&#x43E;&#x43B; &#x44D;&#x437;&#x44D;&#x43C;&#x448;&#x441;&#x44D;&#x43D; &#x445;&#x4AF;&#x43C;&#x4AF;&#x4AF;&#x441;&#x438;&#x439;&#x43D; &#x43D;&#x44D;&#x433; &#x431;&#x43E;&#x43B;&#x43E;&#x445; &#x41D;&#x430;&#x446;&#x430;&#x433;&#x434;&#x43E;&#x440;&#x436; &#x43D;&#x44C; &#x445;&#x430;&#x440;&#x430;&#x43D;&#x445;&#x443;&#x439; &#x431;&#x4AF;&#x434;&#x4AF;&#x4AF;&#x43B;&#x44D;&#x433; &#x430;&#x440;&#x434; &#x43E;&#x43B;&#x43D;&#x44B; &#x434;&#x443;&#x43D;&#x434;, &#x4AF;&#x437;...</subfield>
  </datafield>
  <datafield tag="942" ind1=" " ind2=" ">
    <subfield code="2">NNA</subfield>
    <subfield code="c">BK</subfield>
  </datafield>
  <datafield tag="952" ind1=" " ind2=" ">
    <subfield code="0">0</subfield>
    <subfield code="1">0</subfield>
    <subfield code="4">0</subfield>
    <subfield code="6">83780_&#x422;_594</subfield>
    <subfield code="7">0</subfield>
    <subfield code="8">UVS14</subfield>
    <subfield code="a">UVS1285160</subfield>
    <subfield code="b">UVS1285160</subfield>
    <subfield code="c">UVS14</subfield>
    <subfield code="d">2024-06-23</subfield>
    <subfield code="g">22900.00</subfield>
    <subfield code="l">0</subfield>
    <subfield code="o">83.7-80  &#x422; 594</subfield>
    <subfield code="p">UVS1225380-3-1</subfield>
    <subfield code="r">2024-06-23</subfield>
    <subfield code="t">104839</subfield>
    <subfield code="y">BK</subfield>
  </datafield>
  <datafield tag="999" ind1=" " ind2=" ">
    <subfield code="c">948107</subfield>
    <subfield code="d">948164</subfield>
  </datafield>
</record>
